000 00559cab a2200193 4500
001 WB3101-57
008 090401t1994 xxu||||| |||| 00| 0 eng d
035 _a(Sirsi) u61621
041 _aeng
245 _aProperty Advisory Group appointments
260 _c1994
350 _a0
490 _aDoE News Release
_v(742) 22 December 1994, (3)
520 _aAnnouncing membership of the Property Advisory Group.
650 _aPROPERTY ADVISORY GROUP
690 _aMANAGEMENT-BUSINESS MANAGEMENT-PROFESSIONAL PRACTICE
942 _n0
948 _c04/03/1997
999 _c38214
_d38214